00813nam a2200265 a 450000100060000000300080000600500170001400800410003102000230007202000230009503500190011804000380013704100080017508200260018310000380020924500590024725000120030626000530031830000280037150000240039950400200042365000220044371000260046583000560049172588BD-RjUL20211209082301.0170521s1977 enkaj 000 0 eng d a0713126663cL.3.80 a0713126671cL.1.90 a(BD-RjUL)72806 aSUSAbengcSUSAdABN-SNRdBD-RjUL aeng04223a616.042bCLH 19801 aClarke, Cyril A.q(Cyril Astley),10aHuman genetics and medicine /cby Sir Cyril A. Clarke. a2nd ed. aLondon :bEdward Arnold,c1977 [reprinted 1980]. avi,88p :bill. ;c22cm. aPrevious ed.: 1970. aBibl.: p.87-88. 0aMedical genetics.2 aInstitute of Biology. aInstitute of Biology's studies in biology ;vno. 20